Zatoki, cieśniny i zalewy Morza Bałtyckiego na mapie - Statystyki

Ogólne statystyki
  • Ten quiz został rozwiązany 9 razy
  • Średni wynik to 12 z 24
Odpowiedzi na mapie
Odpowiedzi zakodowano w zielono-czerwonej skali na mapie do tego quizu, zgodnie z poniższymi procentami.
 
Statystyki odpowiedzi
% Poprawnych
Zatoka Gdańska
100%
Zatoka Botnicka
89%
Zatoka Fińska
89%
Zatoka Ryska
89%
Zalew Szczeciński
89%
Cieśnina Kattegat
78%
Cieśnina Mały Bełt
78%
Cieśnina Skagerrak
78%
Zalew Wiślany
78%
Cieśnina Sund
67%
Zatoka Pucka
56%
Cieśnina Wielki Bełt
56%
Morze Alandzkie
44%
Zatoka Kilońska
44%
Fiord Oslofjorden
44%
Zatoka Pomorska
33%
Zalew Kuroński
22%
Morze Archipelagowe
11%
Cieśnina Bełt Fehrman
11%
Cieśnina Bełt Langelandzki
11%
Cieśnina Bornholmska
11%
Cieśnina Kalmarska
11%
Zatoka Meklemburska
11%
Cieśnina Irbe
0%
Nie znaleziono quizów pasujących do podanych kryteriów
Rozkład punktacji
Procent ludzi z każdym wynikiem
Percentyl według liczby udzielonych odpowiedzi
Twoja historia wyników
Nie rozwiązałeś tego quizu